The circuit of mass communication : media strategies, representation and audience reception in the AIDS crisis

Αποθηκεύτηκε σε:
Λεπτομέρειες βιβλιογραφικής εγγραφής
Άλλοι συγγραφείς: Miller, David 1964-
Μορφή: Βιβλίο
Γλώσσα:English
Δημοσίευση: London : Sage Publications, c1998
Θέματα:
Ετικέτες: Προσθήκη ετικέτας
Δεν υπάρχουν, Καταχωρήστε ετικέτα πρώτοι!

MARC

LEADER 00000nam a2200000 i 4500
001 1/13832
008 001129s1998 eng d
020 |a 0-8039-7703-4 
035 |l 10064768 
040 |a GR-MY-UA  |b gre  |e aacr 
041 0 |a eng 
082 0 |a 302.23 
245 1 4 |a The circuit of mass communication :  |b media strategies, representation and audience reception in the AIDS crisis /  |c David Miller...[et al.] 
260 |a London :   |b Sage Publications,   |c c1998 
300 |a 248 p.;  |b ill.;  |c 24 cm. 
504 |a Includes bibliographical references and index 
650 0 0 |a Mass media and public opinion. 
650 0 0 |a AIDS (Disease) in mass media. 
700 1 |a Miller, David  |d 1964- 
852 |a INST  |b LESVOS  |e 20001129  |h 302.23 CIR  |p 005100029428  |q 005100029428  |t BK  |y 0 
901 |a BIBL1-2000-3 
909 |a Λ  |b 082772 
922 |a 1ΕΛΗ  |b 200011  |c ΤΑΚ/ΠΤΕ  |d ΜΙΧΑΛΟΠΟΥΛΟΣ 
950 |a 185-2000-09-13 
970 |a ΤΖΑΦΕΡΗ  |b ΕΥΑΓΓΕΛΙΑ  |z 2000/12/12